000 00850nam a2200265Ia 4500
003 OSt
005 20221005063926.0
006 a|||||r|||| 00| 0
007 ta
008 221004b |||||||| |||| 00| 0 eng d
020 _a978141296132 (PBK)
_c2075.85
024 _a8547
037 _b39888, 21/01/2014, Segment Book Distributors
_cTextual
040 _aCRL
_cCRL
_beng
041 _2eng
_aeng
082 _aS:43, P8
100 _aGathercole Susan E
_9603297
245 0 _aWorking memory and learning
_b A practical guide for teachers
260 _aLos
_bAngeles Sage USA
_c2008
300 _axv,124p.
_ccm.
650 _aPSYCHOLOGY
700 _a Alloway Tracy Packiam
942 _hS:43, P8
_cTEXL
_2cc
999 _c972135
_d972135